[Event "2009 WA Closed Chess Championship"]
[Site "Legacy House"]
[Date "2009.07.12"]
[Round "1"]
[White "Vlietstra, Marc"]
[Black "Elkington, Derek"]
[Result "0-1"]
[WhiteElo "2012"]
[BlackElo "1755"]

1.a3 Nf6 2.Nf3 g6 3.b4 Bg7 4.Bb2 b6 5.g3 Bb7 6.Bg2 d6 7.d3 Nbd7 8.Nbd2 O-O 
9.e4 e6 10.Nh4 c5 11.O-O Qc7 12.f4 Rac8 13.c4 Rfd8 14.Qe2 e5 15.Rf2 cxb4 
16.axb4 a5 17.bxa5 bxa5 18.h3 Nh5 19.Kh2 Nxg3 20.Qg4 Nh5 21.f5 Ndf6 22.Qd1 
Nf4 23.Ndf3 Qb6 24.Qf1 Nxd3 25.Rd2 Nf4 26.fxg6 hxg6 27.Ng5 Bh6 28.Ngf3 Nxe4 
29.Rc2 Nh5 30.Bc1 Nf4 31.Ra3 Kg7 32.Rb2 Qc7 33.Qg1 d5 34.Qa7 Rd7 35.Nd2 Nxg2 
36.Nxe4 dxc4 37.Rxb7 Qxb7 38.Qxb7 Rxb7 39.Nxg2 Bxc1 40.Rxa5 Rb2 41.Kg3 c3 
42.Nd6 Rd8 43.Rd5 c2 0-1

[Event "2009 WA Closed Chess Championship"]
[Site "Legacy House"]
[Date "2009.07.12"]
[Round "1"]
[White "Donaldson, Tom"]
[Black "Boyd, Tristan"]
[Result "0-1"]
[WhiteElo "1980"]
[BlackElo "2259"]

1.d4 Nf6 2.Nf3 e6 3.Bg5 h6 4.Bh4 c5 5.dxc5 Bxc5 6.Bxf6 Qxf6 7.c3 O-O 8.Nbd2 d5 
9.e4 Nc6 10.Bd3 d4 11.c4 e5 12.O-O Bg4 13.a3 a5 14.h3 Be6 15.Kh2 Rad8 16.g3 Qe7 
17.Nh4 Qd7 18.Rg1 Ne7 19.g4 Ng6 20.Nf5 Be7 21.Nf3 Bg5 22.Nxg5 hxg5 23.Qd2 Nf4 
24.b4 axb4 25.axb4 g6 26.Ng3 Bxg4 27.Nf5 gxf5 28.hxg4 Qc6 29.Rg3 fxe4 30.Bf1 Kg7 
31.Bg2 Qxc4 32.Bxe4 Rh8+ 33.Kg1 Qe2 34.Qe1 Qxe1+ 35.Rxe1 b6 36.Ra3 Rh6 37.Ra7 d3 
38.Ra3 Rd4 39.f3 Rhd6 40.Rb3 d2 41.Rd1 Rc4 42.Rb2 Rc1 43.Bc2 Ne2+ 44.Kf2 Rxd1 
45.Bxd1 Nc3 46.Rc2 Nxd1+ 47.Ke2 Nc3+ 0-1

[Event "2009 WA Closed Chess Championship"]
[Site "Legacy House"]
[Date "2009.07.12"]
[Round "1"]
[White "Choong, Yita"]
[Black "Horstmann, Michael"]
[Result "1/2-1/2"]
[WhiteElo "1939"]
[BlackElo "2166"]

1.e4 b6 2.c4 e6 3.Nc3 Bb7 4.a3 Nf6 5.d3 d5 6.e5 d4 7.Nb5 a6 8.exf6 axb5 
9.fxg7 Bxg7 10.cxb5 Qd5 11.Qg4 Bf8 12.Nf3 e5 13.Qe4 Nd7 14.Qxd5 Bxd5 15.Be2 
Ra5 16.a4 Nc5 17.O-O Nb3 18.Rb1 Bd6 19.Re1 Kd7 20.Bd1 Re8 21.Nd2 Nc5 22.Bc2 
Nxa4 23.Nc4 Raa8 24.Bg5 Ke6 25.f4 f6 26.fxe5 Bxe5 27.Bf4 Bxc4 28.dxc4 Kd6 
29.Bd2 Nc5 30.b4 Ne6 31.Rbd1 Ra2 32.Bf5 h5 33.Bc3 Rg8 34.g3 Ng5 35.Rf1 c5 
36.bxc6 Kxc6 37.Bxd4 Rd8 38.Bf2 Nf3+ 39.Kg2 Rxd1 40.Rxd1 Bd4 41.Kxf3 Rxf2+ 
42.Ke4 Bc3 43.Bd7+ 1/2-1/2

[Event "2009 WA Closed Chess Championship"]
[Site "Legacy House"]
[Date "2009.07.12"]
[Round "1"]
[White "Barber, Haydn"]
[Black "Hare, Tim"]
[Result "1-0"]
[WhiteElo "2092"]
[BlackElo "2025"]
 
1.e4 c5 2.Nc3 Nc6 3.f4 g6 4.Nf3 Bg7 5.Bb5 Nd4 6.O-O Nxb5 7.Nxb5 d6 8.d3 Bd7 
9.Nc3 h5 10.Qe1 Nh6 11.h3 e6 12.f5 gxf5 13.Qg3 Bf8 14.Bg5 Rg8 15.Qf4 Rxg5 
16.Nxg5 e5 17.Qd2 f4 18.Nf3 Be6 19.a3 Qf6 20.b4 Be7 21.Nb5 Kf8 22.bxc5 d5 
23.Qc3 d4 24.Qd2 Bxc5 25.Nc7 Rc8 26.Nxe6+ Qxe6 27.Qe2 Be7 28.a4 Rc3 29.Rab1 
b6 30.Rb5 Rc5 31.Rxc5 bxc5 32.Nd2 Qg6 33.Nc4 Bf6 34.Rb1 Kg7 35.Rb7 Ng4 
36.Rxa7 Ne3 37.Nd6 Bh4 38.Nf5+ Nxf5 39.exf5 Qxf5 40.a5 Qg5 41.Rb7 Bg3 
42.Rb1 c4 43.a6 cxd3 44.cxd3 Qe7 45.Ra1 1-0

[Event "2009 WA Closed Chess Championship"]
[Site "Legacy House"]
[Date "2009.07.12"]
[Round "1"]
[White "Holland, Dennis"]
[Black "Abdat, Akef"]
[Result "1/2-1/2"]
[WhiteElo "1830"]
[BlackElo "1767"]

1.d4 Nf6 2.Nf3 g6 3.Nbd2 d5 4.c4 Bg7 5.e3 O-O 6.Bd3 c5 7.Nb3 cxd4 8.Nbxd4 b6 
9.O-O Bb7 10.Qe2 Nbd7 11.cxd5 Nxd5 12.Bb5 a6 13.Bc6 Bxc6 14.Nxc6 Qc7 15.e4 
Qxc6 16.exd5 Qxd5 17.Rd1 Qc6 18.Qxe7 Nc5 19.Qh4 Qa4 20.Qxa4 Nxa4 21.Rb1 Rac8 
22.Be3 Nxb2 23.Rd7 Nc4 24.Bg5 h6 25.Bf4 g5 26.Bg3 Rfd8 27.Ra7 g4 28.Nh4 Nd2 
29.Re1 a5 30.Nf5 Bf8 31.Bf4 h5 32.Bh6 Rc5 33.Bxf8 Rxf5 34.Bh6 Kh7 35.Be3 Nc4 
36.Bc1 Kg6 37.Rc7 Rd4 38.Rc6+ Kh7 39.h3 gxh3 40.gxh3 b5 41.Kh1 Rxf2 42.Rh6+ 
Kg8 43.Rg1+ Kf8 44.Bg5 f6 45.Rxf6+ Rxf6 46.Bxf6 Rd5 47.Rc1 Kf7 48.Ba1 Ne3 
49.Bh8 Rd1+ 50.Rxd1 Nxd1 51.Kg2 Ne3+ 52.Kf3 Nc4 53.Kf4 Kg6 54.Bd4 b4 55.Bc5 
Nb2 56.Bd4 Nd3+ 57.Ke4 Nc1 58.Bb6 Nxa2 59.Bxa5 b3 60.Kd3 Kf5 61.Bd2 Ke5 62.Bh6 
Kf5 63.Bd2 b2 64.Kc2 Nc1 65.Bxc1 bxc1=Q+ 66.Kxc1 Kg5 67.Kd2 Kh4 68.Ke2 Kxh3 
69.Kf3 Kh2 70.Kf2 h4 71.Kf1 1/2-1/2

[Event "2009 WA Closed Chess Championship"]
[Site "Legacy House"]
[Date "2009.07.19"]
[Round "2"]
[White "Boyd, Tristan"]
[Black "Choong, Yita"]
[Result "1-0"]
[WhiteElo "2259"]
[BlackElo "1939"]

1.e4 c5 2.Nf3 d6 3.d4 cxd4 4.Nxd4 Nf6 5.Nc3 a6 6.Bg5 e6 7.f4 Qc7 8.Bd3 b5 
9.Bxf6 gxf6 10.Qd2 Nc6 11.Nb3 h5 12.O-O h4 13.a4 b4 14.Nd1 Qa7+ 15.Ne3 Bb7 
16.a5 Rd8 17.Rae1 h3 18.g3 d5 19.exd5 Rxd5 20.Qf2 Nd4 21.Be4 Rd8 22.Bxb7 Qxb7 
23.Nxd4 Rxd4 24.Qf3 Qb5 25.Kh1 Bc5 26.Re2 Qxa5 27.f5 Be7 28.Qc6+ Kf8 29.fxe6 
Rd6 30.Qa8+ Kg7 31.Qf3 fxe6 32.Nc4 Qd5 33.Nxd6 Bxd6 34.Re4 f5 35.Ree1 Qxf3+ 
36.Rxf3 Kf6 37.Rd3 Bc5 38.Ra1 Ra8 39.Rd7 a5 40.b3 Be7 41.g4 Bc5 42.gxf5 Kxf5 
43.Rf7+ Ke4 44.Re1+ Kd5 45.Rd7+ Kc6 46.Rh7 e5 47.Rxe5 Rg8 48.Rh6+ Kb5 49.Re1 
Rg2 50.Rc1 Be3 51.Rh5+ Kb6 52.Rxh3 Rxh2+ 53.Kxh2 Bxc1 54.Rh5 Bf4+ 55.Kg2 Bc7 
56.Kf3 Bd8 57.Ke4 Bc7 58.Kd4 Bd8 59.Kc4 Ka6 60.Rh6+ 1-0

[Event "2009 WA Closed Chess Championship"]
[Site "Legacy House"]
[Date "2009.07.19"]
[Round "2"]
[White "Elkington, Derek"]
[Black "Abdat, Akef"]
[Result "1/2-1/2"]
[WhiteElo "1755"]
[BlackElo "1767"]

1.e4 e5 2.Nf3 Nc6 3.Bb5 a6 4.Ba4 d6 5.c3 f5 6.d3 Nf6 7.Qe2 Be7 8.b4 O-O 
9.Bb3+ Kh8 10.Ng5 Qe8 11.Ne6 Bxe6 12.Bxe6 fxe4 13.dxe4 Qg6 14.f3 Nxe4 
15.Bb3 Nf6 16.Nd2 d5 17.Bb2 Rad8 18.O-O-O d4 19.a3 Rfe8 20.Rhe1 dxc3 
21.Bxc3 Nd4 22.Bxd4 exd4 23.Ne4 Nxe4 24.fxe4 a5 25.Rd3 axb4 26.Rg3 Qc6+ 
27.Kb1 Bh4 28.Rc1 Qxe4+ 29.Qxe4 Rxe4 30.Rh3 Re3 31.Rxc7 Rxh3 32.gxh3 bxa3 
33.Rxb7 d3 34.Ra7 d2 35.Bd1 h6 36.Rxa3 Rc8 37.Bc2 Rb8+ 38.Rb3 Rxb3+ 39.Bxb3 
Bf2 40.Kc2 Be3 41.Kd1 g5 42.h4 gxh4 43.Ke2 Bg5 44.h3 Kg7 45.Kf3 Kf6 46.Ke4 
Ke7 47.Kd3 Kd6 48.Ke2 Ke5 49.Kd1 1/2-1/2

[Event "2009 WA Closed Chess Championship"]
[Site "Legacy House"]
[Date "2009.07.19"]
[Round "2"]
[White "Vlietstra, Marc"]
[Black "Donaldson, Tom"]
[Result "1-0"]
[WhiteElo "2012"]
[BlackElo "1980"]

1.e4 c6 2.d4 d5 3.Nc3 g6 4.Be3 Bg7 5.e5 h5 6.Bd3 Nh6 7.Nf3 Bf5 8.Bxh6 Bxh6 
9.Bxf5 gxf5 10.e6 fxe6 11.Qe2 Qd6 12.O-O Nd7 13.Rfe1 Nf8 14.Na4 O-O-O 15.Nc5 
e5 16.Nxe5 Qf6 17.b4 Ne6 18.Nxc6 Nxc5 19.Nxe7+ Kb8 20.bxc5 Rhe8 21.c6 Qd6 
22.Rab1 b6 23.Qa6 Rxe7 24.Rxb6+ Ka8 25.Reb1 Qe6 26.g3 Be3 27.c7 Bxf2+ 28.Kf1 
Rxc7 29.Rxe6 1-0

[Event "2009 WA Closed Chess Championship"]
[Site "Legacy House"]
[Date "2009.07.19"]
[Round "2"]
[White "Horstmann, Michael"]
[Black "Barber, Haydn"]
[Result "0-1"]
[WhiteElo "2166"]
[BlackElo "2092"]

1.d4 Nf6 2.c4 c5 3.d5 e6 4.Nc3 exd5 5.cxd5 d6 6.e4 g6 7.f4 Qe7 8.Bb5+ Bd7 
9.Qe2 Bxb5 10.Qxb5+ Nbd7 11.Nf3 Nxe4 12.Nxe4 Qxe4+ 13.Kf2 O-O-O 14.Bd2 Bg7 
15.Rhe1 Qxd5 16.Qa4 Kb8 17.Rad1 Nb6 18.Qa3 Qc6 19.Re7 Rhf8 20.b3 Bf6 21.Ree1 
Rfe8 22.Ba5 Rxe1 23.Rxe1 Re8 24.Bxb6 axb6 25.Qc1 Rxe1 26.Qxe1 Qd7 27.Qe4 b5 
28.Qe2 Kc7 29.Qd2 b4 30.h3 Qe6 31.Qc2 h6 32.Qd3 Kc6 33.g4 b5 34.f5 gxf5 
35.gxf5 Qe7 36.Kg3 d5 37.h4 Qe4 38.Qd2 Qxf5 39.a4 bxa4 40.Qe2 Kb6 41.bxa4 
Qd7 42.Qe3 h5 43.Qh6 Qd6+ 44.Kg2 Be7 45.Qh8 b3 46.Qe8 Kc7 47.Qxf7 b2 48.Qh7 
Qe6 0-1

[Event "2009 WA Closed Chess Championship"]
[Site "Legacy House"]
[Date "2009.07.19"]
[Round "2"]
[White "Hare, Tim"]
[Black "Holland, Dennis"]
[Result "1-0"]
[WhiteElo "2025"]
[BlackElo "1830"]

1.Nf3 d5 2.g3 Nf6 3.Bg2 c6 4.d3 Bf5 5.Nbd2 Qc8 6.O-O h5 7.h4 Qc7 8.Qe1 e5 
9.e4 dxe4 10.dxe4 Bg4 11.Nc4 Nbd7 12.Ng5 Nc5 13.Qc3 Nfd7 14.f3 Be6 15.b4 Bxc4 
16.Qxc4 Nb6 17.Qe2 Ncd7 18.a3 a5 19.Bd2 axb4 20.axb4 Na4 21.c4 Bxb4 22.Bxb4 
Qb6+ 23.Kh2 Qxb4 24.Rfb1 Qc3 25.Rxa4 Rxa4 26.Rxb7 Qxc4 27.Qd1 Qd4 28.Qb3 0-0 
29.Rxd7 Qxd7 30.Qxa4 Qb7 31.Qc4 Qb5 32.Bf1 Qb2+ 33.Kg1 Qd4+ 34.Kg2 Qd2+ 35.Be2 
c5 36.Kf2 Qd4+ 37.Qxd4 exd4 38.Bc4 Rb8 39.Bxf7+ Kf8 40.Ke2 Rb2+ 41.Kd3 Ke7 
42.e5 Rg2 43.Bxh5 Rxg3 44.Ne4 Rh3 45.Nxc5 Rxh4 46.Bg4 Rh1 47.Kxd4 Rd1+ 48.Nd3 
Rd2 49.Ke4 Rc2 50.Nf4 Rc4+ 51.Kf5 Rd4 52.Ng6+ Kf7 53.e6+ Ke8 54.Ne5 Rd5 55.Bh5+ 
Kf8 56.Bf7 Ra5 57.f4 Rb5 58.Kg4 g6 59.Nxg6+ Kg7 60.Ne5 Kf6 61.Nd7+ Ke7 62.f5 
Rb4+ 63.Kg5 Re4 64.f6+ Kd6 65.Bg8 Re1 66.f7 Rg1+ 67.Kh4 1-0

[Event "2009 WA Closed Chess Championship"]
[Site "Legacy House"]
[Date "2009.07.26"]
[Round "3"]
[White "Donaldson, Tom"]
[Black "Elkington, Derek"]
[Result "0-1"]
[WhiteElo "1980"]
[BlackElo "1755"]

1.d4 Nf6 2.c4 g6 3.Nc3 Bg7 4.e4 d6 5.f3 O-O 6.Be3 c5 7.d5 a6 8.Bd3 e6 
9.a4 b6 10.Nge2 Re8 11.O-O Bb7 12.Qd2 Nbd7 13.Bg5 Qc7 14.f4 exd5 15.exd5 
h6 16.Bh4 Nh7 17.g4 Ra7 18.g5 hxg5 19.fxg5 Ne5 20.Ne4 Nxc4 21.Qf4 Ne5 
22.Rad1 Bxd5 23.Nf6+ Nxf6 24.gxf6 Bh8 25.Nc3 Bb3 26.Rde1 Qd8 27.Be4 Re6 
28.Bd5 Bxd5 29.Nxd5 Nd3 30.Qg3 Nxe1 31.Rxe1 Rxe1+ 32.Qxe1 Kf8 33.Qe3 Kg8 
34.Ne7+ Kh7 35.Bg5 Rxe7 36.Qxe7 Qg8 37.Bf4 g5 38.Bxd6 Qg6 39.Be5 Qb1+ 
40.Kf2 Kg6 41.Qe8 Qf5+ 42.Kg2 Qe4+ 43.Kg1 Bxf6 44.Bxf6 Qxe8 0-1

[Event "2009 WA Closed Chess Championship"]
[Site "Legacy House"]
[Date "2009.07.26"]
[Round "3"]
[White "Choong, Yita"]
[Black "Vlietstra, Marc"]
[Result "1-0"]
[WhiteElo "1939"]
[BlackElo "2012"]

1.e4 c5 2.Nf3 d6 3.d4 cxd4 4.Nxd4 Nf6 5.Nc3 g6 6.Be3 Bg7 7.f3 Nc6 8.Qd2 O-O 
9.Bc4 Ne5 10.Bb3 Bd7 11.O-O-O Qa5 12.g4 Rfc8 13.h4 b5 14.h5 Nc4 15.Bxc4 bxc4 
16.Bh6 Rab8 17.Bxg7 Qb4 18.Qh6 1-0

[Event "2009 WA Closed Chess Championship"]
[Site "Legacy House"]
[Date "2009.07.26"]
[Round "3"]
[White "Barber, Haydn"]
[Black "Boyd, Tristan"]
[Result "0-1"]
[WhiteElo "2092"]
[BlackElo "2259"]

1.e4 e5 2.Nf3 Nf6 3.Nxe5 d6 4.Nc4 Nxe4 5.Qe2 Qe7 6.Ne3 Nf6 7.g3 g6 8.Bg2 Bg7 
9.Nc3 c6 10.O-O O-O 11.d4 d5 12.Bd2 Na6 13.Rfe1 Be6 14.a3 Qd7 15.b4 Rac8 16.Rab1 
Nb8 17.b5 c5 18.dxc5 d4 19.Na4 dxe3 20.Bxe3 Rcd8 21.c6 bxc6 22.bxc6 Nxc6 23.Qa6 
Bd5 24.Red1 Nb8 25.Qa5 Qc6 26.Bxa7 Bxg2 27.Rxd8 Bh3 28.f3 Qxf3 29.Rd2 Ne4 30.Qd5 
Nxd2 31.Qxd2 Nc6 32.Bc5 Bd4+ 33.Bxd4 Nxd4 34.Re1 Qd5 0-1

[Event "2009 WA Closed Chess Championship"]
[Site "Legacy House"]
[Date "2009.07.26"]
[Round "3"]
[White "Holland, Dennis"]
[Black "Horstmann, Michael"]
[Result "0-1"]
[WhiteElo "1830"]
[BlackElo "2166"]

1.d4 d6 2.e4 g6 3.c3 Bg7 4.Bd3 e5 5.dxe5 dxe5 6.Nf3 Nd7 7.O-O Ngf6 8.Qe2 O-O 
9.Rd1 Qe7 10.Na3 Nc5 11.Bc2 Nh5 12.Bg5 f6 13.Be3 Ne6 14.Rd2 Nef4 15.Qf1 g5 
16.h3 Bh6 17.Qc4+ Be6 18.Bc5 Qg7 19.Qf1 g4 20.Bxf8 Rxf8 21.hxg4 Bxg4 22.Rd3 
Nxd3 23.Qxd3 Nf4 24.Qc4+ Kh8 25.Ne1 Be2 26.Qc5 b6 27.Qe3 Bg4 28.Kh1 Nxg2 29.Qg3 
Nxe1 30.Rxe1 Bf4 0-1

[Event "2009 WA Closed Chess Championship"]
[Site "Legacy House"]
[Date "2009.07.26"]
[Round "3"]
[White "Abdat, Akef"]
[Black "Hare, Tim"]
[Result "1/2-1/2"]
[WhiteElo "1767"]
[BlackElo "2025"]

1.d4 g6 2.c4 Bg7 3.e4 c6 4.Nc3 d6 5.Be3 Na6 6.Qd2 Nc7 7.Bd3 e5 8.Nge2 Bg4 
9.f3 Bd7 10.O-O Qe7 11.Rac1 Nf6 12.b4 exd4 13.Nxd4 O-O 14.Nb3 Rfe8 15.Bg5 
Qf8 16.Rcd1 Ne6 17.Be3 b6 18.Bb1 Rad8 19.Qxd6 Qxd6 20.Rxd6 Bf8 21.Rd3 Bxb4 
22.Rfd1 Bxc3 23.Rxc3 Bc8 24.Rxd8 Rxd8 25.Rd3 Rxd3 26.Bxd3 c5 27.Kf2 Kf8 
28.Ke2 Bb7 29.Kd2 a6 30.Kc3 Ke7 31.Nc1 Bc6 32.Ne2 b5 33.a3 Nd7 34.f4 f6 
35.g3 Nd8 36.Nc1 Nb7 37.Nb3 Kd6 38.Bf2 Nb6 39.Nd2 Na4+ 40.Kc2 b4 41.axb4 
cxb4 42.Nb3 a5 43.Bd4 Ke6 44.c5 f5 45.exf5+ gxf5 46.Ba6 Kd5 47.Bxb7 Bxb7 
48.Bf2 Ba6 49.c6 Kxc6 50.Nxa5+ Kb5 51.Nb3 Nc3 52.Be1 Nd5 53.Nd4+ Ka4 54.Nxf5 
Ka3 55.Nd4 Ne3+ 56.Kc1 b3 57.Bc3 Nc4 58.f5 Nd6 1/2-1/2

[Event "2009 WA Closed Chess Championship"]
[Site "Legacy House"]
[Date "2009.08.02"]
[Round "4"]
[White "Elkington, Derek"]
[Black "Hare, Tim"]
[Result "0-1"]
[WhiteElo "1755"]
[BlackElo "2025"]

1.e4 g6 2.f4 c6 3.Nf3 Bg7 4.Nc3 d5 5.e5 h5 6.d4 Nh6 7.Be3 Bg4 8.Be2 b5 
9.Qd2 a5 10.Bf2 Na6 11.h3 Bxf3 12.Bxf3 Qd7 13.Nd1 Nc7 14.Ne3 Ne6 15.Nf1 Nc7 
16.Nh2 Nf5 17.g3 Ne6 18.Nf1 Bh6 19.Qd3 h4 20.Bg4 hxg3 21.Nxg3 Nxf4 22.Qf3 e6 
23.Bxf5 exf5 24.Rh2 Ne6 25.h4 Bf4 26.Rd1 Qe7 27.Rh3 Qb4+ 28.Qc3 Qxc3+ 29.bxc3 
Ng5 30.Rh1 Bxg3 31.Bxg3 Ne4 32.Rd3 Rh5 33.Kf1 b4 34.Be1 g5 35.Kg2 g4 36.Rf1 
Kd7 37.Rf4 Ke6 38.Re3 bxc3 39.Bxc3 Rxh4 40.Be1 Rh5 41.Ra3 Rah8 42.Kf1 Rh1+ 
43.Ke2 R8h2+ 44.Kd1 Rd2+ 0-1

[Event "2009 WA Closed Chess Championship"]
[Site "Legacy House"]
[Date "2009.08.02"]
[Round "4"]
[White "Horstmann, Michael"]
[Black "Abdat, Akef"]
[Result "1-0"]
[WhiteElo "2166"]
[BlackElo "1767"]

1.d4 Nf6 2.c4 g6 3.Nc3 d5 4.Bg5 Ne4 5.Qc1 Nxg5 6.Qxg5 dxc4 7.e3 Bg7 8.Bxc4 c6 
9.Nf3 Nd7 10.h4 h6 11.Qg3 b5 12.Bb3 a5 13.a4 b4 14.Ne4 Nf6 15.Nc5 Nh5 16.Qh2 e6 
17.Rc1 O-O 18.Ne5 Qe8 19.g4 Nf6 20.g5 Nh5 21.Bd1 Ra7 22.Bf3 Bxe5 23.dxe5 Kg7 
24.Bxh5 gxh5 25.Qf4 Rh8 26.Qf6+ Kg8 27.gxh6 Rh7 28.Rg1+ Kf8 29.Rg7 Rh8 30.Rd1 Bd7 
31.h7 1-0

[Event "2009 WA Closed Chess Championship"]
[Site "Legacy House"]
[Date "2009.08.02"]
[Round "4"]
[White "Boyd, Tristan"]
[Black "Holland, Dennis"]
[Result "1-0"]
[WhiteElo "2259"]
[BlackElo "1830"]

1.e4 e6 2.d4 d5 3.Nc3 dxe4 4.Nxe4 Nd7 5.Nf3 Ngf6 6.Nxf6+ Nxf6 7.c3 h6 8.Bf4 Bd6 
9.Ne5 O-O 10.Bd3 Nd7 11.Qe2 Bxe5 12.dxe5 Nc5 13.Bc2 Qh4 14.Be3 Qe7 15.O-O-O Bd7 
16.Bxc5 Qxc5 17.Rxd7 a5 18.Qe3 Qb5 19.Qd3 Qxd3 20.Bxd3 Rad8 21.Rxd8 Rxd8 22.Be4 
b6 23.Rd1 1-0

[Event "2009 WA Closed Chess Championship"]
[Site "Legacy House"]
[Date "2009.08.02"]
[Round "4"]
[White "Donaldson, Tom"]
[Black "Choong, Yita"]
[Result "0-1"]
[WhiteElo "1980"]
[BlackElo "1939"]

1.d4 Nf6 2.c4 g6 3.Nc3 Bg7 4.e4 d6 5.f3 O-O 6.Be3 c5 7.d5 e6 8.dxe6 fxe6 9.Bd3 
Nc6 10.Nge2 Qe7 11.Bg5 h6 12.Bh4 g5 13.Bf2 Nd7 14.O-O Nde5 15.b3 Bd7 16.Qd2 Rxf3 
17.Bc2 Rd8 18.Rad1 Be8 19.Nb5 Bf8 20.Nxd6 Rxd6 21.Qxd6 Qxd6 22.Rxd6 Rxf2 23.Rxe6 
Rxf1+ 24.Kxf1 Kf7 0-1

[Event "2009 WA Closed Chess Championship"]
[Site "Drabble House"]
[Date "2009.08.20"]
[Round "4"]
[White "Vlietstra, Marc"]
[Black "Barber, Haydn"]
[Result "1-0"]
[WhiteElo "2012"]
[BlackElo "2092"]

1.d4 Nf6 2.c4 c5 3.d5 e6 4.Nc3 exd5 5.cxd5 d6 6.e4 g6 7.Bg5 Bg7 8.f4 h6 
9.Bh4 O-O 10.Nf3 Qb6 11.Qd2 Re8 12.Bd3 Bg4 13.O-O Nbd7 14.Rae1 Bxf3 15.gxf3 
a6 16.Kh1 Nh5 17.Rg1 Nxf4 18.Qxf4 Qxb2 19.Nd1 Qxa2 20.Rg2 Qa4 21.Reg1 Ne5 
22.Bc2 Qd4 23.Ne3 Qc3 24.Bd1 g5 25.Bxg5 Ng6 26.Bxh6 Nxf4 27.Bxf4 Kh8 28.Rg3 
Re5 29.Rh3+ Kg8 30.Bxe5 Qxe5 31.Nf5 b5 32.Rhg3 Kf8 33.Rxg7 Ke8 34.Rg8+ Kd7 
35.Rxa8 Kc7 36.Rxa6 c4 37.Rc6+ 1-0

[Event "2009 WA Closed Chess Championship"]
[Site "Legacy House"]
[Date "2009.08.16"]
[Round "5"]
[White "Hare, Tim"]
[Black "Horstmann, Michael"]
[Result "0-1"]
[WhiteElo "2025"]
[BlackElo "2166"]

1.e4 d5 2.e5 c5 3.f4 Nc6 4.Nf3 Bg4 5.Bb5 Qb6 6.Bxc6+ Qxc6 7.O-O e6 8.h3 Bxf3 9.Qxf3 
g6 10.c4 Ne7 11.Nc3 dxc4 12.Ne4 Nd5 13.b3 cxb3 14.axb3 Be7 15.Ba3 Qb6 16.Kh2 O-O 17.d4 
cxd4 18.Bxe7 Nxe7 19.Nf6+ Kg7 20.Nd7 Qb5 21.Nxf8 Kxf8 22.Rfd1 Nc6 23.g4 Rd8 24.Qd3 Qd5 
25.Kg3 g5 26.Rf1 Kg8 27.fxg5 Nxe5 28.Qd1 Rc8 29.Rc1 Rc3+ 30.Rxc3 dxc3 31.Qxd5 exd5 
32.Kf4 Nc6 33.Ke3 Nb4 34.Rc1 c2 35.Kd4 Kf8 36.Ra1 Na2 0-1

[Event "2009 WA Closed Chess Championship"]
[Site "Legacy House"]
[Date "2009.08.16"]
[Round "5"]
[White "Holland, Dennis"]
[Black "Vlietstra, Marc"]
[Result "1/2-1/2"]
[WhiteElo "1830"]
[BlackElo "2012"] 

1.d4 g6 2.e4 Bg7 3.Nf3 c5 4.c3 Nf6 5.Bd3 O-O 6.O-O cxd4 7.Nxd4 d6 8.Nd2 a6 9.N2f3 
b5 10.a4 bxa4 11.Qxa4 Bb7 12.Re1 Nbd7 13.Nb3 Qc7 14.Qa5 Qxa5 15.Rxa5 Ng4 16.Bf4 
Nge5 17.Nxe5 Nxe5 18.Bxe5 Bxe5 19.Ra2 Rfc8 20.Na5 Rc7 21.g3 Rb8 22.Nxb7 Rcxb7 
23.Bxa6 Rxb2 24.Rxb2 Rxb2 25.Rc1 Rb3 26.c4 Bd4 27.Rc2 Rb2 1/2-1/2

[Event "2009 WA Closed Chess Championship"]
[Site "Legacy House"]
[Date "2009.08.16"]
[Round "5"]
[White "Abdat, Akef"]
[Black "Boyd, Tristan"]
[Result "0-1"]
[WhiteElo "1767"]
[BlackElo "2259"] 

1.e4 c5 2.Nf3 d6 3.d4 cxd4 4.Nxd4 Nf6 5.Nc3 a6 6.Bg5 e6 7.f4 Nc6 8.Nxc6 bxc6 
9.e5 h6 10.Bh4 g5 11.fxg5 Nd5 12.Ne4 Qb6 13.Bf2 Qb4+ 14.Nd2 Qxb2 15.g6 Qxe5+ 
16.Be2 Nc3 17.gxf7+ Kxf7 18.Nc4 Qxe2+ 19.Qxe2 Nxe2 20.Kxe2 e5 21.h3 Be6 22.Nb6 
Rb8 23.a4 Be7 24.a5 Kg6 25.Ra3 Rb7 26.Rg3+ Kh7 27.Rc3 Rc7 28.Rd1 Rf8 29.Nd5 Bxd5 
30.Rxd5 Rcc8 31.Rdd3 e4 32.Rd1 Rf5 33.Rb3 Rb5 34.Rdb1 d5 35.Bd4 Rcb8 36.Rg3 Rg8 
37.Rxb5 cxb5 38.Rc3 Rxg2+ 39.Kf1 Rd2 40.Be3 d4 41.Rc7 dxe3 42.Rxe7+ Kg6 43.Rxe4 
Kf5 44.Rxe3 Rxc2 45.Ra3 Rc4 46.Rd3 Ke5 47.Rg3 Rc6 48.Ke2 Rd6 49.Rg4 Kf5 50.Rg3 Rd4 
51.Rc3 Ra4 52.Rc6 Rxa5 53.Rxh6 Kg5 54.Rb6 Ra4 55.Kd2 Kh4 56.Rh6+ Kg5 57.Rb6 b4 
58.Kc2 a5 59.Ra6 Ra3 60.Kb2 Kh5 61.Rb6 Rg3 62.Rb8 Rg5 63.Rh8+ Kg6 64.h4 Rh5 65.Ra8 
Kf6 66.Kb3 Ke6 67.Ka4 Kd6 68.Ra6+ Kc7 69.Rg6 Kd7 70.Ra6 Ke7 71.Rb6 Kf7 72.Ra6 Rc5 
73.Rb6 Ke7 74.Rg6 Rd5 75.Rb6 Rd6 76.Rb5 Ra6 77.h5 Kf6 78.Rc5 Kg7 79.Rb5 Kh6 80.Rd5 
Ra7 81.Rb5 Ra8 82.Rd5 Kg7 83.Rb5 Kf6 84.Rc5 Ke6 85.Rb5 Ra7 86.Rg5 Rb7 87.Kxa5 b3 
88.Rg1 Kd5 89.Ka4 b2 90.Rb1 Kc4 91.Ka3 Kc3 92.Ka4 Kc2 93.Rh1 Ra7+ 94.Kb5 b1Q+ 
95.Rxb1 Kxb1 96.Kc5 Ra5+ 97.Kd6 Rxh5 98.Ke6 Kc2 99.Kf6 Ra5 100.Ke6 Kc3 0-1

[Event "2009 WA Closed Chess Championship"]
[Site "Huntingdale"]
[Date "2009.09.18"]
[Round "5"]
[White "Barber, Haydn"]
[Black "Donaldson, Tom"]
[Result "1-0"]
[WhiteElo "2092"]
[BlackElo "1980"] 

1.f4 d5 2.Nf3 c6 3.g3 Nf6 4.Bg2 Bg4 5.O-O Nbd7 6.d3 Qc7 7.Nc3 O-O-O 8.Rb1 Bxf3 9.Bxf3 e5 10.b4 Bd6 11.fxe5 Nxe5 12.d4 Ng6 13.Qd3 h5 14.b5 c5 15.b6 axb6 16.Bg5 Ne7 17.Bg2 cxd4 18.Nb5 Qd7 19.Nxd6+ Qxd6 20.Bh3+ Ng4 21.Rxf7 Rd7 22.Qxd4 Nc6 23.Rxd7 Qxd7 24.Qxb6 Rf8 25.Qc5 Rf5 26.Bd2 Qe6 27.Qb5 Rf7 28.Bf4 Qe4 29.Qd3 Nd4 30.Qxe4 dxe4 31.Bxg4+ hxg4 32.Re1 Rf5 33.c3 g5 34.cxd4 gxf4 35.gxf4 e3 36.Rc1+ Kd7 37.Rc3 Rxf4 38.Rxe3 Kd6 39.Rb3 Rf7 40.Kg2 Kd5 41.e3 Ke4 42.Kg3 Rh7 43.a4 Rh3+ 44.Kg2 Rh7 45.a5 Rh5 46.Rxb7 Kxe3 47.a6 Ra5 48.a7 Kxd4 49.Kg3 Ra1 50.Kxg4 Ke5 51.Kg5 Rg1+ 52.Kh6 Ra1 53.h4 Kf6 54.h5 Ra5 55.Rg7 Ra2 56.Kh7 Ra5 57.h6 Ra1 58.Kg8 Rd1 59.a8=Q Rd5 60.Qf8+ 1-0

[Event "2009 WA Closed Chess Championship"]
[Site "Legacy House"]
[Date "2009.08.23"]
[Round "6"]
[White "Vlietstra, Marc"]
[Black "Abdat, Akef"]
[Result "1-0"]
[WhiteElo "2012"]
[BlackElo "1767"] 

1.e4 c5 2.Nf3 d6 3.d4 cxd4 4.Nxd4 Nf6 5.Nc3 a6 6.Bg5 e6 7.g4 Be7 8.Bc4 Qc7 
9.Bb3 Nc6 10.f3 h6 11.Be3 Ne5 12.Qe2 b5 13.Rg1 Nc4 14.O-O-O Nd7 15.Ncxb5 axb5 
16.Nxb5 Qa5 17.Qxc4 Ne5 18.Qe2 Nxf3 19.Nxd6+ Bxd6 20.Qxf3 Bxh2 21.Rgf1 O-O 
22.g5 hxg5 23.Rh1 Be5 24.Qh3 f6 25.Bxe6+ Bxe6 26.Qxe6+ Rf7 27.Rd7 Rf8 28.Qb3 
g6 29.Ra7 Qd8 30.Bc5 Bd6 31.Rxf7 Rxf7 32.Bxd6 Qxd6 33.Qh3 Qf4+ 34.Kb1 Kf8 
35.Qc8+ Ke7 36.Rd1 f5 37.exf5 Rxf5 38.Rd7+ Kf6 39.Qd8+ Ke6 1-0

[Event "2009 WA Closed Chess Championship"]
[Site "Legacy House"]
[Date "2009.08.23"]
[Round "6"]
[White "Boyd, Tristan"]
[Black "Hare, Tim"]
[Result "1/2-1/2"]
[WhiteElo "2259"]
[BlackElo "2025"] 

1.e4 e5 2.Nf3 Nc6 3.Bb5 g6 4.O-O Bg7 5.c3 d6 6.d4 Bd7 7.Re1 Nge7 8.h3 O-O 
9.Na3 h6 10.Be3 a6 11.Ba4 Qe8 12.Bb3 b5 13.Qe2 Kh7 14.dxe5 dxe5 15.Bc5 Na5 
16.c4 Rb8 17.Rad1 Rg8 18.Bxe7 Nxb3 19.Bd6 Nd4 20.Nxd4 cxd6 21.Nb3 1/2-1/2

[Event "2009 WA Closed Chess Championship"]
[Site "Legacy House"]
[Date "2009.08.23"]
[Round "6"]
[White "Donaldson, Tom"]
[Black "Holland, Dennis"]
[Result "1-0"]
[WhiteElo "1980"]
[BlackElo "1830"] 

1.d4 d5 2.c4 e6 3.Nc3 Nf6 4.Bg5 c6 5.e3 Nbd7 6.a3 Be7 7.f4 c5 8.Nf3 a6 
9.Bd3 dxc4 10.Bxc4 b5 11.Bd3 cxd4 12.exd4 Bb7 13.O-O Qb6 14.Bc2 Rd8 15.Kh1 
h6 16.Bh4 Qd6 17.Ne5 Nb6 18.Bxf6 gxf6 19.Qh5 fxe5 20.fxe5 Qb8 21.Qxf7+ Kd7 
22.Rf6 Qa8 23.Qxe6+ Kc7 24.Qxb6+ Kc8 25.Bf5+ Kb8 26.Rf7 Rdf8 27.Rxe7 Rxf5 
28.Ne4 Rhf8 29.h3 R5f7 30.Rxf7 Rxf7 31.Nd6 Rg7 32.Rc1 Rg8 33.Rc7 Qa7 34.Rxb7+ 
1-0

[Event "2009 WA Closed Chess Championship"]
[Site "Legacy House"]
[Date "2009.08.23"]
[Round "6"]
[White "Choong, Yita"]
[Black "Barber, Haydn"]
[Result "1-0"]
[WhiteElo "1939"]
[BlackElo "2092"] 

1.d4 Nf6 2.c4 c5 3.d5 e6 4.Nc3 exd5 5.cxd5 d6 6.e4 g6 7.f4 Bg7 8.Bb5+ Nfd7 
9.a4 O-O 10.Nf3 Na6 11.O-O Nc7 12.Bd3 a6 13.Re1 Re8 14.Be3 Rb8 15.Bf2 b5 
16.Bh4 Bf6 17.Bxf6 Qxf6 18.g3 b4 19.e5 dxe5 20.Ne4 Qb6 21.Bc4 exf4 22.a5 Qa7 
23.Nfg5 Kg7 24.Nd6 Nf6 25.Nxe8+ Ncxe8 26.d6 fxg3 27.hxg3 Bg4 28.Qd2 Rb7 29.Nxf7 
Qb8 30.Qh6+ Kg8 31.Nd8+ Kh8 32.Qf8+ Ng8 33.Qxg8# 1-0

[Event "2009 WA Closed Chess Championship"]
[Site "Legacy House"]
[Date "2009.08.23"]
[Round "6"]
[White "Elkington, Derek"]
[Black "Horstmann, Michael"]
[Result "0-1"]
[WhiteElo "1755"]
[BlackElo "2166"] 

1.e4 e5 2.Nf3 Nc6 3.Bb5 Bc5 4.c3 Nge7 5.d4 exd4 6.cxd4 Bb4+ 7.Nc3 d5 8.e5 a6 
9.Be2 Bg4 10.O-O O-O 11.Be3 Nf5 12.Qd3 Nxe3 13.Qxe3 Qd7 14.h3 Bh5 15.g4 Bg6 
16.Nh4 Bxc3 17.Qxc3 Qe7 18.Nxg6 hxg6 19.f4 Qb4 20.Qxb4 Nxb4 21.Rfd1 a5 22.a3 
Na6 23.b3 c6 24.Rab1 Nc7 25.Kf2 f6 26.Ke3 g5 27.f5 fxe5 28.dxe5 Kf7 29.Rdc1 
Rh8 30.Bf1 Rae8 31.Kd4 g6 32.Re1 gxf5 33.gxf5 b6 34.b4 axb4 35.axb4 Rh4+ 
36.Kc3 d4+ 37.Kd3 Nd5 38.Ra1 Nxb4+ 39.Kd2 Rf4 40.Bc4+ Nd5 41.Ra7+ Re7 42.Bxd5+ 
cxd5 43.Rxe7+ Kxe7 44.f6+ Ke6 45.Kd3 b5 46.Re2 b4 47.Re1 b3 48.Re2 Re4 49.Rb2 
Kxe5 50.f7 Rf4 51.Re2+ Kd6 52.f8=Q+ Rxf8 53.Kxd4 Rf4+ 54.Kc3 Rf3+ 55.Kb2 Rxh3 
56.Rg2 Kc5 57.Rxg5 Kc4 58.Rg7 Rh2+ 59.Kb1 d4 60.Rc7+ Kd3 61.Rb7 Kc3 62.Rc7+ Kd2 
63.Re7 d3 64.Kb2 Re2 65.Rg7 Kd1+ 66.Kxb3 d2 67.Rg1+ Re1 {time} 0-1